[Event "IND-ch (Women) 48th"]
[Site "Hatkanangale"]
[Date "2022.12.28"]
[Round "3"]
[White "Harshini, A1111"]
[Black "Bajaj, Shraddha"]
[Result "0-1"]
[WhiteElo "1318"]
[BlackElo "1406"]
[PlyCount "82"]
[EventDate "2022.12.26"]
[EventType "swiss"]
[EventRounds "11"]
[EventCountry "IND"]
[SourceTitle "CBM 212 Extra"]
[Source "ChessBase"]
[SourceDate "2023.03.31"]
[SourceVersion "1"]
[SourceVersionDate "2023.03.31"]
[SourceQuality "1"]

1. e4 e5 2. Nf3 Nc6 3. Bc4 Bc5 4. c3 a6 5. d4 exd4 6. cxd4 Bb4+ 7. Bd2 Bxd2+ 8. Nbxd2 d6 9. 0-0 Nf6 10. e5 dxe5 11. dxe5 Ng4 12. h3 Nh6 13. Qc2 Bf5 14. Qc3 0-0 15. Rad1 Qe7 16. a3 Kh8 17. Bd5 Nd8 18. Rfe1 c6 19. Ba2 Ne6 20. Nc4 Bg6 21. Rd2 Rad8 22. Nd6 Nf5 23. Red1 Nf4 24. Kf1 Nxd6 25. exd6 Qd7 26. Ne5 Qf5 27. d7 Qg5 28. f3 f6 29. Nxg6+ hxg6 30. Qe3 Kh7 31. Kg1 Nxh3+ 32. Kh2 Qxe3 33. Rd4 Qe5+ 34. Kxh3 g5 35. Bb1+ f5 36. g4 Rh8 37. Kg2 Kg8 38. Ba2+ Kf8 39. f4 Qe2+ 40. Kg1 Qf3 41. R4d2 Rh1# 0-1